000 01613nam a2200229Ia 4500
003 Ost
005 20260507075804.0
008 260507s9999||||xx |||||||||||||| ||und||
020 _a9772230070
040 _cfsecg
041 _aara
082 _a511.6
100 _aالمنصوري;صدقي;شاكر، علي أحمد;حسنين، معوض حسن;صابر، محمد غازي، محمد توفيق;محمد صلاح الدين
_eمؤلف
245 0 _aأساسيات الرياضة للتجاريين (ك1) (ج1) /
_c صدقي المنصوري
260 _aالقاهرة:
_bكلية التجارة,
_c1993
300 _a315 صفحة؛
_bإيضاحات ؛
_c24 سم
520 _aالتباديل و التوافيق، نظرية ذات الحدين، المتواليات العددية و الهندسية، المحددات، المصفوفات، حل المعادلات بالمصفوفات، الاحتمال و الحادث، المبادئ الأساسية لحساب الاحتمالات، توزيع ثنائي الحدين، استخدام الاحتمالات في العمليات التجارية، استخدام الاحتمالات في مراقبة جودة الانتاج، الدوال و النهايات، التفاضل والتكامل، البرامج الخطية-مفاهيم أساسية، طرق وأساليب حل البرامج الخطية، الطريقة العامة لحل مشاكل البرامج الخطية
653 _aالتباديل و التوافيق
653 _aالمصفوفات
653 _aعموميات الرياضيات
942 _cكتاب
999 _c46356
_d46356